Twilight of the tigers: (Record no. 27610)

MARC details
000 -LEADER
fixed length control field 02801nam a22003974a 4500
005 - DATE AND TIME OF LATEST TRANSACTION
control field 20090618155617.0
008 - FIXED-LENGTH DATA ELEMENTS--GENERAL INFORMATION
fixed length control field 071005s2008 ctu b 001 0 eng
010 ## - LCCN (DPL NO)
LC control number ENG-94107
020 ## - INTERNATIONAL STANDARD BOOK NUMBER
International Standard Book Number 9780195699456
Terms of availability 695.00
020 ## - INTERNATIONAL STANDARD BOOK NUMBER
International Standard Book Number 0195699459
Terms of availability 695.00
035 ## - SYSTEM CONTROL NUMBER
System control number EN-77640
035 ## - SYSTEM CONTROL NUMBER
System control number B-360905-911
037 ## - SOURCE OF ACQUISITION
Source of stock number/acquisition DBAD / PUB
037 ## - SOURCE OF ACQUISITION
Source of stock number/acquisition Uppal Book Store
040 ## - CATALOGING SOURCE
Original cataloging agency dpl
Language of cataloging English
082 ## - DEWEY DECIMAL CLASSIFICATION NUMBER
Classification number 954.93032
100 ## - MAIN ENTRY--PERSONAL NAME
Personal name Peiris, G.H.
245 ## - TITLE STATEMENT
Title Twilight of the tigers:
Remainder of title peace efforts and power struggles in Sri Lanka /
Statement of responsibility, etc by G.H. Peiris
260 ## - PUBLICATION, DISTRIBUTION, ETC. (IMPRINT)
Place of publication, distribution, etc New Delhi
Name of publisher, distributor, etc Oxford University Press
Date of publication, distribution, etc 2009
270 ## - ADDRESS
Address YMCA Library Building, Jai Singh Road,
City New Delhi
Postal code 110001
300 ## - PHYSICAL DESCRIPTION
Extent xvii, 297p.
Dimensions 25cm(Hb)
504 ## - BIBLIOGRAPHY, ETC. NOTE
Bibliography, etc Includes references and index
651 ## - SUBJECT ADDED ENTRY--GEOGRAPHIC NAME
Geographic name Sri Lanka
General subdivision History
Chronological subdivision Civil War, 1983
651 ## - SUBJECT ADDED ENTRY--GEOGRAPHIC NAME
Geographic name Sri Lanka
General subdivision History
-- Armistices
Chronological subdivision Civil War, 1983
651 ## - SUBJECT ADDED ENTRY--GEOGRAPHIC NAME
Geographic name Sri Lanka
General subdivision Politics and government
Chronological subdivision 1978-
942 ## - ADDED ENTRY ELEMENTS (KOHA)
Source of classification or shelving scheme Dewey Decimal Classification
Item type English Books
Call number suffix PEI
Classification part 954.93032
Holdings
Withdrawn status Lost status Source of classification or shelving scheme Damaged status Not for loan Collection code Home library Current library Date acquired Source of acquisition Cost, normal purchase price Total Checkouts Full call number Barcode Date last seen Copy number Cost, replacement price Koha item type
    Dewey Decimal Classification       Andrews Gunj Andrews Gunj 10/03/2010 Uppal Book Store/9013/26.10.09/128/16.10.09/26.10.09 695.00   954.93032 PEI B-360908 10/03/2010 1 695.00 English Books
    Dewey Decimal Classification       Central Library Central Library 10/03/2010 Uppal Book Store/9013/26.10.09/128/16.10.09/26.10.09 695.00   954.93032 PEI B-360905 10/03/2010 1 695.00 English Books
    Dewey Decimal Classification   Not For Loan Non-fiction D.B.Act.Division D.B.Act.Division 18/06/2009 DBAD / PUB 695.00   954.93032 PEI EN-77640 18/06/2009 1 695.00 English Books
    Dewey Decimal Classification       Janak Puri Janak Puri 10/03/2010 Uppal Book Store/9013/26.10.09/128/16.10.09/26.10.09 695.00 1 954.93032 PEI B-360907 01/10/2011 1 695.00 English Books
    Dewey Decimal Classification       Karol Bagh Karol Bagh 10/03/2010 Uppal Book Store/9013/26.10.09/128/16.10.09/26.10.09 695.00   954.93032 PEI B-360910 10/03/2010 1 695.00 English Books
    Dewey Decimal Classification       Patel Nagar Patel Nagar 10/03/2010 Uppal Book Store/9013/26.10.09/128/16.10.09/26.10.09 695.00   954.93032 PEI B-360906 10/03/2010 1 695.00 English Books
  Written-off vide DLB M. No. 383 dt 16.05.19 Dewey Decimal Classification       Shahdara Branch Shahdara Branch 10/03/2010 Uppal Book Store/9013/26.10.09/128/16.10.09/26.10.09 695.00   954.93032 PEI B-360911 10/03/2010 1 695.00 English Books
    Dewey Decimal Classification       Vinoba Puri Vinoba Puri 10/03/2010 Uppal Book Store/9013/26.10.09/128/16.10.09/26.10.09 695.00   954.93032 PEI B-360909 10/03/2010 1 695.00 English Books

© Delhi Public Library
Hit Counter
free hit counter